The marketing of films. (Record no. 80740)

MARC details
000 -LEADER
fixed length control field 00529cam a22002051 4500
001 - CONTROL NUMBER
control field sa 68005435
003 - CONTROL NUMBER IDENTIFIER
control field DLC
005 - DATE AND TIME OF LATEST TRANSACTION
control field 20260227112509.0
008 - FIXED-LENGTH DATA ELEMENTS--GENERAL INFORMATION
fixed length control field 710915s1966 ii 00000 eng
010 ## - LIBRARY OF CONGRESS CONTROL NUMBER
LC control number sa 68005435 //r88
025 ## - OVERSEAS ACQUISITION NUMBER
Overseas acquisition number PL480:I-E-7538
050 0# - LIBRARY OF CONGRESS CALL NUMBER
Classification number PN1994
Item number .G63
082 ## - DEWEY DECIMAL CLASSIFICATION NUMBER
Classification number 791.43/09
100 10 - MAIN ENTRY--PERSONAL NAME
Personal name Goyal, Trishla.
245 14 - TITLE STATEMENT
Title The marketing of films.
260 0# - PUBLICATION, DISTRIBUTION, ETC.
Place of publication, distribution, etc. Calcutta,
Name of publisher, distributor, etc. Intertrade Publications (India)
Date of publication, distribution, etc. [1966?]
300 ## - PHYSICAL DESCRIPTION
Extent viii, 545 p.
Dimensions 22 cm.
350 ## - PRICE (NR) (BK AM CF MU VM SE) [OBSOLETE]
Price Rs65
650 #0 - SUBJECT ADDED ENTRY--TOPICAL TERM
Topical term or geographic name entry element Motion pictures.

No items available.

Powered by Koha